Kế toán đại cương

保存先:
書誌詳細
第一著者: Phạm, Ngọc Thúy
フォーマット: 図書
言語:Undetermined
出版事項: Thành phố Hồ Chí Minh Đại Học Quốc Gia Thành phố Hồ Chí Minh 2005
主題:
タグ: タグ追加
タグなし, このレコードへの初めてのタグを付けませんか!
Thư viện lưu trữ: Trung tâm Học liệu Trường Đại học Cần Thơ
LEADER 00566nam a2200193Ia 4500
001 CTU_120439
008 210402s9999 xx 000 0 und d
020 |c 25500 
082 |a 657 
082 |b Th523 
100 |a Phạm, Ngọc Thúy 
245 0 |a Kế toán đại cương 
245 0 |c Phạm Ngọc Thúy 
260 |a Thành phố Hồ Chí Minh 
260 |b Đại Học Quốc Gia Thành phố Hồ Chí Minh 
260 |c 2005 
650 |a Accounting 
904 |i Minh 
980 |a Trung tâm Học liệu Trường Đại học Cần Thơ